Alle Hauptstädte Ozeaniens (alphabetisch) - Statistiken

Allgemein
  • Dieses Quiz wurde 14 mal gespielt
  • Das Durchschnittsergebnis liegt bei 12 aus 15
Antwortstatistiken
Hauptstadt % Korrekt
Apia
100%
Canberra
90%
Funafuti
90%
Honiara
90%
Port Moresby
90%
Port Vila
90%
South Tarawa
90%
Suva
90%
Wellington
90%
Yaren
90%
Majuro
80%
Ngerulmud
80%
Nukuʻalofa
80%
Palikir
80%
Avarua
0%
Keine übereinstimmenden Quizze gefunden
Verteilung der Resultate
Anzahl Personen mit jedem Resultat
Perzentil nach korrekt beantworteten Fragen
Ihre Resultats-Entwicklung
Sie haben dieses Quiz noch nicht gespielt